Loading...
| Science - Chemistry | 0 | 9 | 1 | 0 | 85 | 17 | 44.67 | 4 | 9 | 0.00 | 0.00 |
| History - Other | 0 | 7 | 1 | 0 | 65 | 34 | 53.43 | 2 | 4 | 0.00 | 0.00 |
| History - European | 0 | 6 | 1 | 0 | 55 | 45 | 66.33 | 1 | 4 | 0.00 | 0.00 |
| Science - Physics | 0 | 6 | 2 | 0 | 50 | 18 | 53.83 | 1 | 1 | 0.00 | 0.00 |
| Philosophy | 0 | 5 | 1 | 0 | 45 | 62 | 83.00 | 0 | 0 | 0.00 | 0.00 |
| Fine Arts - Painting and Sculpture | 0 | 4 | 0 | 0 | 40 | 105 | 116.00 | 0 | 0 | 0.00 | 0.00 |
| Science - Biology | 0 | 5 | 2 | 0 | 40 | 19 | 34.80 | 2 | 4 | 0.00 | 0.00 |
| Social Science | 0 | 4 | 1 | 0 | 35 | 23 | 62.75 | 0 | 3 | 0.00 | 0.00 |
| Literature - British | 0 | 4 | 1 | 0 | 35 | 37 | 75.50 | 1 | 1 | 0.00 | 0.00 |
| Mythology | 0 | 4 | 1 | 1 | 35 | 73 | 91.75 | 0 | 2 | 0.00 | 0.00 |
| Literature - American | 0 | 3 | 0 | 1 | 30 | 93 | 103.00 | 0 | 0 | 0.00 | 0.00 |
| Literature - European | 0 | 3 | 0 | 0 | 30 | 39 | 67.00 | 0 | 2 | 0.00 | 0.00 |
| History - American | 0 | 4 | 2 | 0 | 30 | 41 | 62.75 | 0 | 2 | 0.00 | 0.00 |
| Religion | 0 | 4 | 2 | 1 | 30 | 60 | 82.50 | 1 | 2 | 0.00 | 0.00 |
| Geography | 0 | 3 | 0 | 0 | 30 | 44 | 72.00 | 0 | 2 | 0.00 | 0.00 |
| Fine Arts - Classical Music | 0 | 3 | 0 | 0 | 30 | 84 | 101.33 | 0 | 0 | 0.00 | 0.00 |
| Literature - World | 0 | 3 | 1 | 0 | 25 | 56 | 85.67 | 0 | 1 | 0.00 | 0.00 |
| History - World | 0 | 3 | 2 | 0 | 20 | 14 | 46.00 | 1 | 1 | 0.00 | 0.00 |
| Fine Arts - Other | 0 | 2 | 0 | 0 | 20 | 82 | 87.00 | 0 | 0 | 0.00 | 0.00 |
| Science - Other | 0 | 4 | 5 | 0 | 15 | 21 | 62.50 | 2 | 2 | 0.00 | 0.00 |
| Current Events | 0 | 0 | 1 | 0 | -5 | 0.00 | 0 | 0 | 0.00 | 0.00 |